| 000 | 01218nam a2200301 i 4500 | ||
|---|---|---|---|
| 003 | EG-ScBUE | ||
| 005 | 20231023141630.0 | ||
| 008 | 170618s1999 ua o f b 000 0aara d | ||
| 040 |
_aEG-ScBUE _bara _erda _cEG-ScBUE _dEG-ScBUE |
||
| 082 | 0 | 4 |
_a923.2 _bس ا م _222 |
| 100 | 1 |
_aسامي، صليب، _d1885- _eمؤلف. |
|
| 245 | 1 | 0 |
_aصليب باشا سامي : _bذكريات، 1891-1952 / _cنقد وتحقيق دكتور سامي أبو النور. |
| 250 | _aالطبعة الأولى. | ||
| 264 | 1 |
_aالقاهرة : _bمكتبة مدبولي، _c1999. |
|
| 300 |
_a273 صفحة : _bصور ؛ _c24 سم. |
||
| 336 |
_2rdacontent _aنص _btxt |
||
| 337 |
_2rdamedia _aبدون وسيط _bn |
||
| 338 |
_2rdacarrier _aمجلد _bnc |
||
| 490 | 0 |
_aصفحات من تاريخ مصر ؛ _v40 |
|
| 504 | _aيشتمل على إرجاعات ببليوجرافية. | ||
| 600 | 1 | 7 |
_aسامي، صليب، _d1885 _vمذكرات. _2BUEsh |
| 650 | 7 |
_aالسياسيون المصريون _vتراجم. _2BUEsh _931153 |
|
| 651 | 7 |
_aمصر _xسياسة وحكومة _y1919-1952. _2BUEsh |
|
| 653 |
_bGGEN _cJune2017 |
||
| 655 | _vReading book | ||
| 700 | 1 |
_aأبو النور، سامي، _eناقد، _eمحقق. |
|
| 942 | _2ddc | ||
| 999 |
_c24907 _d24879 |
||